000
00180 a2200085 4500
020
_a
PARK BOOKS
100
_a
GÉRALDINE BORIO
245
_a
LOOKING FOR THE VOIDS
260
_b
PARK BOOKS
999
_c
13104
_d
13104